000 01254nam a2200313 c 4500
999 _c89180
_d89180
003 BLK
005 20220217161808.0
008 180408b bul|||||r ||||||| ||bul||
010 _aKNG00093875000
020 _a978-954-337-065-8
040 _aBLK
041 _aBUL
_cBUL
080 _aЕстонска литература
_b821.511.113
_x-32
_z821.511.113-32
100 1 _aВалтон, Арво
_eпърви автор
_945244
139 _aВалтон, Арво
_bВ 18
245 1 0 _aИзгората на дявола
_bНовели
_cАрво Валтон; прев. от ест. Дора Стоянова Янева-Медникарова.
257 _aEST
260 _bАвангард принт
_c2009
300 _a174 с.
_c20 см
380 _aX
490 1 _aСъвременна естонска класика
500 _aОриг. загл. Valitud Teosed / Arvo Valton. - Съдържа и за авт.
700 1 _aЯнева-Медникарова, Дора Стоянова
_eпрев. от ест.
_9365173
852 _aЦб 246810
852 _aК 821/В 18 А
856 4 _qpdf
856 4 _qpdf
942 _cKNG
_n0
_s1
944 _aCR
_c27.01.2010
_lф /
_kВаля_Йорданова
944 _aED
_c27.01.2010
_lф /
999 _d89180